LEADER 01530nam 2200373 n 450 001 996395019503316 005 20200824121137.0 035 $a(CKB)3810000000010357 035 $a(EEBO)2240920163 035 $a(UnM)99834663e 035 $a(UnM)99834663 035 $a(EXLCZ)993810000000010357 100 $a19970505d1697 uy | 101 0 $aeng 135 $aurbn||||a|bb| 200 04$aThe whole works of that excellent practical physician Dr. Thomas Sydenham$b[electronic resource] $eWherein not only the history and cures of acute diseases are treated of, after a new and accurate method; but also the shortest and safest way of curing most chronical diseases. The second edition corrected from the original Latin, by John Pechey, M.D. of the College of physicians in London 210 $aLondon $cprinted for Richard Wellington, at the Lute, in St. Paul's Church Yard$d1697 215 $a[16], 561, [1] p 300 $aIncludes index. 300 $aReproduction of the original at the British Library. 330 $aeebo-0018 606 $aMedicine$vEarly works to 1800 606 $aDiseases$zEngland$vEarly works to 1800 615 0$aMedicine 615 0$aDiseases 700 $aSydenham$b Thomas$f1624-1689.$0773888 701 $aPechey$b John$f1655-1716.$01001834 801 0$bCu-RivES 801 1$bCu-RivES 801 2$bWaOLN 906 $aBOOK 912 $a996395019503316 996 $aThe whole works of that excellent practical physician Dr. Thomas Sydenham$92337876 997 $aUNISA LEADER 01483nam0 2200361 i 450 001 SBL0159629 005 20231121125816.0 020 $aIT$b794760 100 $a20030625d1977 ||||0itac50 ba 101 | $aita 102 $ait 181 1$6z01$ai $bxxxe 182 1$6z01$an 200 1 $aCreativita e valori educativi$esaggio di teleologia pedagogica$fMario Mencarelli 210 $aBrescia$cLa scuola$d©1977 215 $a310 p.$d24 cm. 225 | $aEducazione e cultura$v21 410 0$1001CFI0006488$12001 $aEducazione e cultura$v21 606 $aEducazione e societa$2FIR$3RMLC063093$9I 606 $aCreatività$xEducazione$2FIR$3RMLC210715$9I 676 $a370$9Educazione$v21 676 $a370.118$9Edicazione. Educazione alla creativit?$v21 700 1$aMencarelli$b, Mario$3CFIV008577$4070$0155023 801 3$aIT$bIT-01$c20030625 850 $aIT-FR0084 $aIT-RM1605 $aIT-FR0017 899 $aBiblioteca Del Monumento Nazionale Di Montecassino$bFR0084 899 $aBiblioteca Della Persona - Istituto Internazionale Jacques Maritain$bRM1605 899 $aBiblioteca umanistica Giorgio Aprea$bFR0017 $eN 912 $aSBL0159629 950 0$aBiblioteca umanistica Giorgio Aprea$d 52MAG 13/1427$e 52FSS0000041035 VMN RS $fA $h20160414$i20160414 977 $a 25$a 42$a 52 996 $aCreativita e valori educativi$93635942 997 $aUNICAS